Statistics for Movies that Start with P

Click here to take the quiz!

General Stats

  • This quiz has been taken 29,933 times
    (21,130 since last reset)
  • The average score is 11 of 17

Answer Stats

Description Movie % Correct
Apes run the world and the Statue of Liberty has been torn downPlanet of the Apes
95%
Italian woodworker makes a dishonest marionettePinocchio
91%
Motel owner stabs a woman in the showerPsycho
81%
Clumsy French police inspector is framed for jewel theftPink Panther, the
76%
Musical stalker lives in a watery lair beneath the opera housePhantom of the
Opera, the
72%
Identical twins, separated by divorce, trick their parents into remarryingParent Trap, the
71%
Rich corporate raider finds true love by hiring a Hollywood escortPretty Woman
69%
Musclebound commandos battle an extraterrestrial hunter in the deepest junglePredator
66%
Brilliant Jewish piano player hides from the Nazis with help from a German officerPianist, the
61%
Girl group wins a collegiate a cappella competitionPitch Perfect
60%
Evil ghosts are here inside the TV and the house, which has been built on a cemeteryPoltergeist
60%
Masked man must outfence, outwrestle, and outwit henchmen to prevent
his true love from being "mawwied" to an evil Prince
Princess Bride, the
49%
Dateless girl goes to prom in a homemade pink dressPretty in Pink
49%
Medical student uses humor to help his patients, despite not having a medical licensePatch Adams
47%
Giant robots battle monsters from the deepPacific Rim
47%
FBI agent infiltrates a gang of surfers who rob banks dressed as U.S. PresidentsPoint Break
45%
Peruvian bear travels to LondonPaddington
42%

Score Distribution

Percentile by Number Answered

Percent of People with Each Score

Your Score History

You have not taken this quiz since the last reset